La vida en todas sus manifestaciones (Registro nro. 163926)

Detalles MARC
000 -LEADER
campo de control de longitud fija 00751nam a22001695i 4500
001 - NÚMERO DE CONTROL
campo de control 163926
003 - IDENTIFICADOR DE NÚMERO DE CONTROL
campo de control ES-MaACL
005 - FECHA Y HORA DE LA ÚLTIMA TRANSACCIÓN
campo de control 20230906212834.0
008 - DATOS DE LONGITUD FIJA--INFORMACIÓN GENERAL
campo de control de longitud fija 940615s1891 sp a |||| | spa d
040 ## - FUENTE DE CATALOGACIÓN
Centro catalogador/agencia de origen CAM
Lengua de catalogación spa
100 1# - ENTRADA PRINCIPAL--NOMBRE DE PERSONA
Nombre de persona Romero Blanco, Francisco.
9 (RLIN) 132030
245 13 - MENCIÓN DEL TÍTULO
Título La vida en todas sus manifestaciones
Resto del título : discurso leido en la Universidad literaria de Santiago durante la solemne inauguración del curso académico de 1891 à 1892 /
Mención de responsabilidad, etc. por Francisco Romero Blanco.
260 ## - PUBLICACIÓN, DISTRIBUCIÓN, ETC.
Lugar de publicación, distribución, etc. Santiago :
Nombre del editor, distribuidor, etc. [s.n.],
Fecha de publicación, distribución, etc. 1891 (
Fabricante Imp. de José Maria Paredes)
300 ## - DESCRIPCIÓN FÍSICA
Extensión 194 p., [2] h. de grab. ;
Dimensiones 24 cm.
710 2# - ENTRADA AGREGADA--NOMBRE DE ENTIDAD CORPORATIVA
Nombre de entidad corporativa o nombre de jurisdicción como elemento de entrada Universidad Literaria de Santiago de Compostela.
9 (RLIN) 135006
852 ## - LOCALIZACIÓN
Ubicación ES-MaACL
Número de control de estantería T-498-F-3
Nota libre -- Enc. hol.
-- -- Enc. en un vol. facticio
Existencias
Estatus retirado Estado de pérdida Estado de daño No para préstamo Colección Biblioteca de origen Biblioteca actual Ubicación en estantería Fecha de adquisición Total de préstamos Signatura topográfica completa Código de barras Visto por última vez Precio de reemplazo Tipo de ítem Koha
        Colección de folletos Biblioteca del Ateneo de Madrid Biblioteca del Ateneo de Madrid Depósito folletos 17/01/2008   T-498-F-3 1171799 23/02/2023 23/02/2023 Folleto